[Event "BCF-chT2c 1112 (4NCL)"]
[Site "England"]
[Date "2012.05.07"]
[Round "9.37"]
[White "Tavares, Shawn P"]
[Black "McMahon, Paul"]
[Result "1-0"]
[WhiteElo "2218"]
[BlackElo "2029"]
[PlyCount "93"]
[EventDate "2011.11.12"]
[EventType "team-swiss"]
[EventRounds "11"]
[EventCountry "ENG"]
[SourceTitle "EXT 2013"]
[Source "ChessBase"]
[SourceDate "2012.11.22"]
[SourceVersion "1"]
[SourceVersionDate "2012.11.22"]
[SourceQuality "1"]
[WhiteTeam "AMCA Dragons"]
[BlackTeam "Poisoned Pawns"]
[WhiteTeamCountry "ENG"]
[BlackTeamCountry "ENG"]

1. d4 Nf6 2. c4 e5 3. d5 Bc5 4. Nc3 d6 5. e4 Ng4 6. Nh3 h6 7. Be2 Qh4 8. 0-0 0-0 9. Qd3 f5 10. Qg3 Qxg3 11. hxg3 Nf6 12. Bd3 fxe4 13. Nxe4 Nxe4 14. Bxe4 Bd4 15. Rb1 Nd7 16. Be3 Bxe3 17. fxe3 Nf6 18. Bg6 Bg4 19. b3 Bh5 20. Bf5 Bg4 21. Bg6 Bd7 22. Rf3 Ng4 23. Rbf1 Rxf3 24. Rxf3 Rf8 25. Bh7+ Kxh7 26. Rxf8 Nxe3 27. Rf7 Bf5 28. Rxc7 Bb1 29. a4 b6 30. Kf2 Nf5 31. b4 Bd3 32. g4 Nd4 33. g5 h5 34. c5 bxc5 35. bxc5 Nf5 36. cxd6 Nxd6 37. Rxa7 Bc4 38. Rd7 Ne4+ 39. Ke3 Nc3 40. d6 Be6 41. Ra7 Nd5+ 42. Ke4 Nb6 43. Kxe5 Bc8 44. Nf4 Bg4 45. a5 Nc8 46. Rc7 Kg8 47. d7 1-0

[Event "BCF-chT2c 1112 (4NCL)"]
[Site "England"]
[Date "2012.04.01"]
[Round "8.47"]
[White "Stevenson, James"]
[Black "Tavares, Shawn P"]
[Result "1/2-1/2"]
[WhiteElo "2080"]
[BlackElo "2218"]
[PlyCount "99"]
[EventDate "2011.11.12"]
[EventType "team-swiss"]
[EventRounds "11"]
[EventCountry "ENG"]
[SourceTitle "EXT 2013"]
[Source "ChessBase"]
[SourceDate "2012.11.22"]
[SourceVersion "1"]
[SourceVersionDate "2012.11.22"]
[SourceQuality "1"]
[WhiteTeam "Kings Head"]
[BlackTeam "AMCA Dragons"]
[WhiteTeamCountry "ENG"]
[BlackTeamCountry "ENG"]

1. e4 e6 2. d4 d5 3. Nc3 Nc6 4. Nf3 Nf6 5. exd5 exd5 6. Bb5 a6 7. Bxc6+ bxc6 8. Bf4 Bd6 9. Bxd6 cxd6 10. 0-0 0-0 11. Re1 h6 12. Qd3 Bg4 13. Ne2 Qb6 14. b3 Rfe8 15. c3 Ne4 16. Ng3 Re6 17. Re3 Rae8 18. Rae1 Qb5 19. c4 Qa5 20. cxd5 cxd5 21. a4 Bxf3 22. gxf3 Ng5 23. Rxe6 fxe6 24. Re3 Rc8 25. Kg2 e5 26. dxe5 dxe5 27. Rxe5 Rd8 28. Nf5 Qb6 29. Rxd5 Rxd5 30. Qxd5+ Kh7 31. Nd4 Qg6 32. Qf5 Qxf5 33. Nxf5 Kg6 34. Nd4 Kf6 35. f4 Ne4 36. Kf3 Nc5 37. Ke3 a5 38. f3 g5 39. h3 Kg6 40. fxg5 hxg5 41. f4 Kf6 42. fxg5+ Kxg5 43. Kf3 Kf6 44. Kf4 Nd3+ 45. Ke4 Nb4 46. h4 Ke7 47. Ke5 Kd7 48. h5 Nd3+ 49. Kf6 Nf2 50. Kf5 1/2-1/2

[Event "Gibraltar Masters 10th"]
[Site "Caleta"]
[Date "2012.01.25"]
[Round "2"]
[White "Tavares, Shawn P"]
[Black "Molner, Mackenzie"]
[Result "0-1"]
[WhiteElo "2218"]
[BlackElo "2449"]
[PlyCount "80"]
[EventDate "2012.01.24"]
[EventType "swiss"]
[EventRounds "10"]
[EventCountry "GGB"]
[SourceTitle "CBM 147"]
[Source "ChessBase"]
[SourceDate "2012.03.16"]
[SourceVersion "1"]
[SourceVersionDate "2012.03.16"]
[SourceQuality "1"]

1. e4 c5 2. Nc3 d6 3. f4 Nf6 4. Nf3 e6 5. Bb5+ Bd7 6. Bc4 Bc6 7. d3 d5 8. e5 dxc4 9. exf6 gxf6 10. dxc4 Qxd1+ 11. Nxd1 Bxf3 12. gxf3 Nc6 13. c3 Rg8 14. Be3 Bd6 15. Nf2 f5 16. Rd1 Ke7 17. Ke2 b6 18. Rhg1 Rg6 19. Rg3 Rag8 20. Nh1 e5 21. fxe5 Nxe5 22. b3 Nd7 23. f4 Nf6 24. Rxg6 hxg6 25. Kf3 Rh8 26. Rd2 Ne4 27. Rc2 g5 28. Ng3 g4+ 29. Kg2 Kf6 30. Bc1 Kg6 31. a3 Be7 32. Re2 Bf6 33. Nxe4 fxe4 34. Rxe4 Kf5 35. Re2 Rh3 36. Bd2 Bxc3 37. Bc1 f6 38. Re7 Bd4 39. b4 Rc3 40. bxc5 Rc2+ 0-1

[Event "BCF-chT2b 1112 (4NCL)"]
[Site "England"]
[Date "2011.11.12"]
[Round "1.6"]
[White "Garcia, Jason"]
[Black "Tavares, Shawn P"]
[Result "0-1"]
[WhiteElo "2013"]
[BlackElo "2218"]
[PlyCount "80"]
[EventDate "2011.11.12"]
[EventType "team-match"]
[EventRounds "7"]
[EventCountry "ENG"]
[SourceTitle "EXT 2013"]
[Source "ChessBase"]
[SourceDate "2012.11.22"]
[SourceVersion "1"]
[SourceVersionDate "2012.11.22"]
[SourceQuality "1"]
[WhiteTeam "Rhyfelwyr Essyllwg"]
[BlackTeam "AMCA Dragons"]
[WhiteTeamCountry "ENG"]
[BlackTeamCountry "ENG"]

1. e4 e6 2. d4 d5 3. Nc3 Nf6 4. e5 Nfd7 5. f4 c5 6. Nf3 Nc6 7. Be3 a6 8. Qd2 b5 9. dxc5 Nxc5 10. Nd4 Nxd4 11. Bxd4 Bb7 12. 0-0-0 Be7 13. Kb1 Qc7 14. g3 b4 15. Ne2 Ne4 16. Qe3 a5 17. Nc1 0-0 18. Bd3 Rfc8 19. Nb3 a4 20. Nd2 Nc3+ 21. Ka1 Nxd1 22. Rxd1 Ba6 23. Kb1 a3 24. b3 Bc5 25. Nf3 Bxd4 26. Qxd4 Bxd3 27. Qxd3 Qc3 28. Qxc3 Rxc3 29. Ne1 Rac8 30. Rd3 Kf8 31. Kc1 Ke7 32. Kd2 Rxd3+ 33. Nxd3 Rb8 34. Ke3 Kd7 35. Kd4 Kc6 36. Ne1 Kb5 37. Nf3 Rc8 38. Ne1 Rc3 39. f5 h5 40. f6 g6 0-1

[Event "Bridgetown Heroes Day"]
[Site "Bridgetown"]
[Date "2011.04.29"]
[Round "3"]
[White "Hammar, Bengt Erik"]
[Black "Tavares, Shawn P"]
[Result "1-0"]
[WhiteElo "2283"]
[BlackElo "2260"]
[PlyCount "87"]
[EventDate "2011.04.28"]
[EventType "tourn"]
[EventRounds "9"]
[EventCountry "BAR"]
[EventCategory "3"]
[SourceTitle "CBM 142 Extra"]
[Source "ChessBase"]
[SourceDate "2011.06.27"]
[SourceVersion "1"]
[SourceVersionDate "2011.06.27"]
[SourceQuality "1"]

1. e4 c5 2. Nf3 d6 3. d4 cxd4 4. Nxd4 Nf6 5. Nc3 a6 6. Bg5 Nbd7 7. Bc4 b5 8. Bd5 Nxd5 9. Nxd5 Bb7 10. c4 Nc5 11. Qe2 h6 12. Bd2 e6 13. b4 exd5 14. exd5+ Qe7 15. bxc5 Qxe2+ 16. Kxe2 dxc5 17. Nc6 Bxc6 18. dxc6 0-0-0 19. cxb5 axb5 20. Rhb1 Bd6 21. Rxb5 Rhe8+ 22. Be3 f5 23. Kf1 f4 24. Bxc5 Re5 25. Rc1 Bxc5 26. Rbxc5 Rxc5 27. Rxc5 Rd2 28. a4 Kc7 29. h4 g6 30. a5 Ra2 31. Kg1 f3 32. gxf3 Ra4 33. h5 gxh5 34. Rxh5 Kxc6 35. Rxh6+ Kd7 36. a6 Ke7 37. Kg2 Kf8 38. Kg3 Kg7 39. Rb6 Kf7 40. f4 Kg7 41. Kg4 Ra2 42. Kg5 Ra5+ 43. f5 Ra1 44. Rb7+ 1-0